| 000 | 00503cam a22001571 4500 | ||
|---|---|---|---|
| 082 |
_a671.73 _bGAI _cL-17, P-46 |
||
| 100 | 1 |
_aGailer, John William. _945056 |
|
| 245 | 0 | 0 |
_aProtective coatings for metals _c[by] J. W. Gailer and E. J. Vaughan. |
| 260 |
_aLondon, _bC. Griffin, _c1950. |
||
| 300 |
_axiv, 261 p. _billus. _c23 cm. |
||
| 526 |
_a0 _b0 _c0 _d671_730000000000000_GAI |
||
| 650 | 0 |
_aMCE _9379 |
|
| 650 | 0 |
_aProtective coatings. _921287 |
|
| 700 | 1 |
_aVaughan, Ernest James, _945057 |
|
| 942 |
_2ddc _cBK |
||
| 999 |
_c548667 _d548667 |
||